L'Afrique francophone et les autres pays francophones Quiz Stats

 Plays Quiz not verified by Sporcle

Support Sporcle.
Go Orange.
Score 0/32 Timer 05:00
0 Plays Today
% Correct
le Niger
82.6%
le Madagascar
80.9%
le Mali
80.3%
le Tchad
77%
le Togo
77%
le Maroc
74.2%
la Tunisie
74.2%
le Senegal
73%
le Rwanda
70.2%
la Guinee
67.4%
le Gabon
66.3%
le Cameroun
65.7%
le Djibouti
65.2%
l'Algerie
62.9%
le Burundi
61.8%
le Benin
60.7%
% Correct
la Cote d'Ivoire
60.7%
les Seychelles
57.9%
le Burkina Faso
56.2%
la Republique democratique du Congo
47.2%
la Republique du Congo
47.2%
les Comores
44.4%
le Canada
41.6%
la France
38.8%
la Republique centrafricaine
36%
la Guinee equatoriale
34.3%
la Suisse
28.1%
le Luxembourg
28.1%
le Haiti
28.1%
la Belgique
27.5%
le Monaco
16.3%
le Vanuatu
11.2%

You're not logged in!

Compare scores with friends on all Sporcle quizzes.
OR
Log In

From the Vault

Flag Border Maze III

by broxx

It's a new kind of maze where doubling back is a mess.
Remove Ads.
Support Sporcle.
Get the best of Sporcle when you Go Orange. This ad-free experience offers more features, more stats, and more fun while also helping to support Sporcle. Thank you for becoming a member.

Show Comments

Extras

Created Jan 8, 2016SourceReportNominate
Tags:francophone, Lafrique, les, Pay

Top Quizzes Today


Score Distribution

Your Account Isn't Verified!

In order to create a playlist on Sporcle, you need to verify the email address you used during registration. Go to your Sporcle Settings to finish the process.

Report this User

Report this user for behavior that violates our Community Guidelines.

Details: